Sports Quiz

Random Sports or NFL Quiz

Team by Stadium Quiz Stats

 Plays Quiz Updated Apr 9, 2019

Score 0/20 Timer 05:00
1 Play Today
Home Field Team % Correct
Staples CenterLos Angeles Lakers or Clippers
94.8%
Wrigley FieldChicago Cubs
90.5%
Madison Square GardenNew York Knicks
90%
Coors FieldColorado Rockies
87.9%
Lambeau FieldGreen Bay Packers
83.2%
Tropicana FieldTampa Bay Rays
75.1%
Scotiabank ArenaToronto Raptors
73.6%
Little Caesars ArenaDetroit Pistons
64.6%
Lucas Oil StadiumIndianapolis Colts
56.4%
Dignity Health Sports ParkLos Angeles Chargers
55.5%
Home Field Team % Correct
Chase FieldArizona Diamondbacks
33.7%
Bank of America StadiumCarolina Panthers
32.7%
Children's Mercy ParkSporting Kansas City
32.1%
Wells Fargo CenterPhiladelphia Flyers
32.1%
Rogers ArenaVancouver Canucks
19.4%
State Farm ArenaAtlanta Dream
19%
Enterprise CenterSt. Louis Blues
18.7%
Gila River ArenaArizona Coyotes
16.7%
SeatGeek StadiumChicago Fire
14.2%
Mandalay Bay Events CenterLas Vegas Aces
8.3%

You're not logged in!

Compare scores with friends on all Sporcle quizzes.
OR
Log In

Sporcle TV

Today on Sporcle TV


Watch our educational content, quiz creation guides, and fun videos on Sporcle TV.

Show Comments

Extras

Top Quizzes Today


Score Distribution

Your Account Isn't Verified!

In order to create a playlist on Sporcle, you need to verify the email address you used during registration. Go to your Sporcle Settings to finish the process.

Report this User

Report this user for behavior that violates our Community Guidelines.

Details: